000
00208 a2200097 4500
001
3446
100
_a
Beloff, M
245
_a
Foreign policy soviet russia, the
260
_a
_b
Oxford
_c
090
_c
2712
_d
2712
942
_a
NUST-CAE
_c
M
_c
19025
999
_c
238519
_d
238519